000 00342nam a2200133Ia 4500
008 240624s9999 xx 000 0 und d
041 _aeng
082 _a659.1 STE
100 _aSTEEL JON
245 _aTRUTH LIES AND ADVERTISING THE ART OF AC
260 _c1998
_aNew Delhi
_bJohn Wiley & Sons
300 _a298 , p. , 24 , cm.
365 _c
999 _c31767
_d31767